000 00514nam a2200181Ia 4500
008 230718s9999 xx 000 0 und d
020 _a9788131501122
041 _aeng
082 _a005.13'3
_bFOR
100 _aForouzan B.A.
_9108860
245 _aComputer Science
_bA Structured Approach Using C++
250 _a2nd ed.
260 _c2014
_bCengage Learning
300 _a1022
365 _cRs.
_b675.00
700 _aForouzan B.A. & Gilberg R.F.
906 _dO:0592815-Mar-2018B:523606-Mar-2018
_cSC
_b567
999 _c347298
_d347298